Statistics for Gorgeous lyrics

Click here to take the quiz!

General Stats

  • This quiz has been taken 727 times
  • The average score is 292 of 322

Answer Stats

Lyrics% Correct
a
100%
You
100%
you
100%
(I
99%
I
99%
gorgeous,
98%
gorgeous
98%
so
98%
your
98%
and
97%
And
97%
can
97%
can't
97%
face,
97%
face
97%
it
97%
to
97%
you're
97%
You're
97%
look
96%
the
96%
what
96%
at
95%
But
95%
but
95%
But,
95%
I'm
95%
in
95%
say
95%
say?
95%
'cause
94%
'Cause
94%
got
94%
me
94%
that
94%
way
94%
of
93%
than
93%
anything
92%
mad
92%
make
92%
as
91%
don't
91%
feel
91%
know
91%
my
91%
should
91%
than
91%
this
91%
her
90%
He's
90%
he's
90%
mine
90%
not
90%
take
90%
boyfriend,
89%
doing,
89%
hate
89%
if
89%
If
89%
makes
89%
older
89%
on
89%
us
89%
talk
88%
club
87%
compliment
87%
for
87%
furious
87%
girlfriend,
87%
making
87%
you've
87%
You've
87%
being
86%
jealous
86%
much)
86%
much
86%
single,
86%
hurts)
85%
hurts
85%
made
85%
by
84%
life
84%
actually
83%
fun
83%
honestly
83%
like
83%
think
83%
too
83%
Whisky
83%
drunk
82%
have
82%
Sunset
82%
worse
82%
are
81%
blue
81%
die
81%
everyone
81%
eyes
81%
here
81%
ice,
81%
might
81%
ruined
81%
sad,
81%
sad
81%
about
80%
it's
80%
little
80%
strong
80%
back
79%
consequence
79%
drown
79%
Ocean
79%
happy,
78%
magnetic
78%
more
78%
nothing
78%
room
78%
talking
78%
cool,
77%
field
77%
sink
77%
turns
77%
hand
76%
looking
76%
There's
76%
cats,
75%
come
75%
home
74%
along,
73%
oh
73%
touching
73%
Unless
73%
Vine
73%
wanna
73%
just
72%
alone
70%
I'll
70%
Guess
67%
(Honey,
67%
darkened
66%
stumble
66%
yeah
58%

Score Distribution

Percentile by Number Answered

Percent of People with Each Score

Your Score History

You have not taken this quiz